[Event "Superbet Blitz 2023"]
[Site "Warsaw POL"]
[Date "2023.05.25"]
[Round "15.2"]
[White "Aronian, Levon"]
[Black "Deac, Bogdan-Daniel"]
[Result "1-0"]
[WhiteTitle "GM"]
[BlackTitle "GM"]
[WhiteElo "2745"]
[BlackElo "2700"]
[WhiteFideId "13300474"]
[BlackFideId "1226380"]
[EventDate "2023.05.24"]

1. d4 Nf6 2. Bf4 d5 3. e3 c5 4. Nf3 Nc6 5. Nbd2 Nh5 6. dxc5 Nxf4 7. exf4 Qa5 8.
c4 e6 9. a3 Qxc5 10. b4 Qd6 11. g3 g6 12. Bg2 Bg7 13. Rb1 O-O 14. O-O Rd8 15.
Qe2 a5 16. b5 Ne7 17. a4 b6 18. Ne5 Bb7 19. Rfd1 Rac8 20. Ne4 Qc7 21. Nxf7 dxe4
22. Nxd8 Rxd8 23. Rxd8+ Qxd8 24. Bxe4 Bxe4 25. Qxe4 Qd6 26. c5 Qxc5 27. Qxe6+
Kf8 28. Rd1 Bd4 29. Kg2 Qc3 30. Qe4 Bc5 31. Rd8+ Kf7 32. f5 gxf5 33. Qh4 Qg7 34.
Qc4+ Kg6 35. h4 Qf6 36. Qf4 Kf7 37. h5 h6 38. Rd3 Qe6 39. Rf3 Kg7 40. g4 fxg4
41. Qf8+ 1-0

[Event "Superbet Blitz 2023"]
[Site "Warsaw POL"]
[Date "2023.05.25"]
[Round "15.3"]
[White "Giri, Anish"]
[Black "Wojtaszek, Radoslaw"]
[Result "1/2-1/2"]
[WhiteTitle "GM"]
[BlackTitle "GM"]
[WhiteElo "2768"]
[BlackElo "2670"]
[WhiteFideId "24116068"]
[BlackFideId "1118358"]
[EventDate "2023.05.24"]

1. c4 Nf6 2. Nf3 e6 3. g3 d5 4. Bg2 dxc4 5. Qa4+ c6 6. Qxc4 b5 7. Qb3 Bb7 8. O-O
Be7 9. d4 O-O 10. Nc3 a6 11. Rd1 Nbd7 12. Ne5 Rc8 13. Nxd7 Nxd7 14. Bf4 Qb6 15.
a4 Rfd8 16. Be3 Qc7 17. Rac1 Qb8 18. Ne4 Qa8 19. Nc5 Nxc5 20. dxc5 Rxd1+ 21.
Rxd1 Rd8 22. Qc2 Rxd1+ 23. Qxd1 Qd8 24. Qxd8+ Bxd8 25. axb5 axb5 26. b4 Bf6 27.
Bd2 Kf8 28. f4 Ke7 29. g4 g6 30. Kf2 Kd7 31. Ke3 Bc8 32. Kd3 Kc7 33. g5 Be7 34.
Bc3 Bd7 35. Be5+ Kd8 36. Kd4 Ke8 37. Bg7 Bd8 38. Bf6 Bc7 39. Be5 Bd8 40. Bf6 Bc7
41. e3 Kf8 42. h4 Ke8 43. Bf3 Kf8 44. h5 Ke8 45. h6 Kf8 46. Be5 Bd8 47. Bg7+ Ke8
48. Bf6 Bc7 49. Be2 Bc8 50. Bd3 Bd7 51. Bc2 Bc8 52. Bb1 Bd7 53. Be4 Kf8 54. Bg2
Ke8 55. Be5 Bd8 56. e4 Bc8 57. Bg7 Bc7 58. Be5 Bd8 59. Bf3 Bd7 60. Bd1 Bc8 61.
Bc2 Bd7 62. Bd3 Bc8 63. Bb1 Bd7 64. Ba2 Bc8 65. Bb3 Bd7 66. Bd1 Bc8 67. Bf3 Bd7
68. Ke3 Bc8 69. Kd3 Bd7 70. Kd4 Bc8 71. Bf6 Bc7 72. f5 Bf4 73. e5 Bd7 74. fxg6
fxg6 75. Kc3 Kf7 76. Be4 Bg3 77. Kb3 Be1 78. Bd3 Be8 79. Be4 Bd7 80. Bd3 1/2-1/2

[Event "Superbet Blitz 2023"]
[Site "Warsaw POL"]
[Date "2023.05.25"]
[Round "15.4"]
[White "Vachier-Lagrave, Maxime"]
[Black "Shevchenko, Kirill"]
[Result "0-1"]
[WhiteTitle "GM"]
[BlackTitle "GM"]
[WhiteElo "2742"]
[BlackElo "2684"]
[WhiteFideId "623539"]
[BlackFideId "14129574"]
[EventDate "2023.05.24"]

1. e4 c5 2. Nf3 Nc6 3. Bb5 g6 4. O-O Bg7 5. c3 Nf6 6. Qe2 e5 7. Bxc6 bxc6 8.
Nxe5 O-O 9. d3 Re8 10. f4 d6 11. Nf3 c4 12. Nbd2 cxd3 13. Qxd3 Qb6+ 14. Kh1 Ba6
15. c4 d5 16. e5 Ng4 17. Qe2 dxc4 18. Nxc4 Bxc4 19. Qxc4 Nf2+ 20. Rxf2 Qxf2 21.
Bd2 Rad8 22. Bc3 Qc2 23. h3 Rd1+ 24. Rxd1 Qxd1+ 25. Kh2 Qd5 26. Qa4 Bh6 27. Kg3
Qd7 28. Bd4 Qf5 29. Be3 Qd7 30. a3 Rb8 31. b4 Rb7 32. Qc2 Qd5 33. Nd4 Rc7 34.
Nb3 g5 35. fxg5 Bg7 36. Nc5 Bxe5+ 37. Kf2 Re7 38. Ne4 Bd4 39. Nf6+ Bxf6 40. gxf6
Re4 41. Qc3 a6 42. Kg1 h5 43. Bf4 Qd4+ 0-1

[Event "Superbet Blitz 2023"]
[Site "Warsaw POL"]
[Date "2023.05.25"]
[Round "16.1"]
[White "Carlsen, Magnus"]
[Black "Giri, Anish"]
[Result "1/2-1/2"]
[WhiteTitle "GM"]
[BlackTitle "GM"]
[WhiteElo "2853"]
[BlackElo "2768"]
[WhiteFideId "1503014"]
[BlackFideId "24116068"]
[EventDate "2023.05.24"]

1. d4 d5 2. c4 c6 3. Nf3 Nf6 4. cxd5 cxd5 5. Nc3 Nc6 6. Bf4 Bf5 7. e3 e6 8. Qb3
Bb4 9. Bb5 O-O 10. Bxc6 Bxc3+ 11. Qxc3 Rc8 12. Ne5 Ng4 13. Nxg4 Bxg4 14. Qb4
Rxc6 15. Qxb7 Qc8 16. Qxc8 Rfxc8 17. O-O a5 18. b3 h5 19. h4 f6 20. Kh2 Kh7 21.
Kg3 Kg6 22. Rfe1 Bf5 23. Re2 Rc1 24. Re1 R1c6 25. Re2 Rc1 26. Rxc1 Rxc1 27. Bd6
Rc2 28. Rxc2 Bxc2 29. Kf4 Bb1 30. a3 Bc2 31. b4 axb4 32. Bxb4 Kf7 33. f3 Ba4 34.
e4 dxe4 35. fxe4 Bc6 36. g3 Ke8 37. e5 Kf7 38. Bc5 Kg6 39. Be7 Kf7 40. Bd8 Ba4
41. exf6 gxf6 42. g4 e5+ 43. dxe5 fxe5+ 44. Kg3 hxg4 45. h5 Ke6 46. h6 Bc2 47.
a4 Kd7 48. Bb6 Kc6 49. a5 Kb7 50. Kxg4 Ka8 51. a6 Kb8 52. Kg5 Ka8 53. Kf6 Kb8
54. Kxe5 Ka8 55. Kf6 Bd3 56. Kg7 Be4 57. Ba7 Kxa7 58. h7 Bxh7 59. Kxh7 Kxa6 1/2-1/2

[Event "Superbet Blitz 2023"]
[Site "Warsaw POL"]
[Date "2023.05.25"]
[Round "16.2"]
[White "Wojtaszek, Radoslaw"]
[Black "Aronian, Levon"]
[Result "1/2-1/2"]
[WhiteTitle "GM"]
[BlackTitle "GM"]
[WhiteElo "2670"]
[BlackElo "2745"]
[WhiteFideId "1118358"]
[BlackFideId "13300474"]
[EventDate "2023.05.24"]

1. c4 Nf6 2. Nc3 e5 3. Nf3 Nc6 4. g3 d5 5. cxd5 Nxd5 6. Bg2 Bc5 7. O-O O-O 8.
Qc2 Nf6 9. a3 a5 10. e3 h6 11. b3 Re8 12. Bb2 Bf8 13. Nb5 Bd7 14. d3 Ra6 15.
Rac1 Nb4 16. axb4 Bxb5 17. Nxe5 Bxb4 18. Bxb7 Rae6 19. Nc6 Qxd3 20. Nxb4 axb4
21. Qxd3 Bxd3 22. Rfd1 Be4 23. Rxc7 Bxb7 24. Rxb7 Rc8 25. Bxf6 Rxf6 26. Rxb4 Rc2
27. Rf4 Rxf4 28. gxf4 Rb2 29. Rd3 g5 30. fxg5 hxg5 31. Kg2 Kg7 32. Kg3 Kg6 33.
f3 Kh5 34. e4 Rb1 35. Rd7 f6 36. Rd6 f5 37. exf5 Rxb3 38. Rd8 g4 39. Rh8+ Kg5
40. Rg8+ Kxf5 41. Rxg4 Rb1 42. h4 Rg1+ 43. Kh3 Ra1 44. Rb4 Kg6 45. Rb5 Ra4 46.
Kg3 Ra1 47. Rg5+ Kf6 48. Rb5 Kg6 49. Kg4 Rg1+ 50. Kf4 Rh1 51. h5+ Kh6 52. Kg3
Rg1+ 53. Kf4 Ra1 54. Rc5 Rb1 55. Kf5 Kxh5 56. f4 Kh6 57. Rc7 Rf1 58. Ke5 Kg6 59.
Rc6+ Kf7 60. Rc7+ Kg6 61. Rc6+ Kf7 62. f5 Re1+ 63. Kf4 Rf1+ 64. Ke5 Re1+ 65. Kf4
Rf1+ 66. Ke5 1/2-1/2

[Event "Superbet Blitz 2023"]
[Site "Warsaw POL"]
[Date "2023.05.25"]
[Round "16.3"]
[White "Shevchenko, Kirill"]
[Black "Rapport, Richard"]
[Result "0-1"]
[WhiteTitle "GM"]
[BlackTitle "GM"]
[WhiteElo "2684"]
[BlackElo "2745"]
[WhiteFideId "14129574"]
[BlackFideId "738590"]
[EventDate "2023.05.24"]

1. Nf3 Nf6 2. g3 g6 3. Bg2 Bg7 4. O-O O-O 5. d3 d5 6. Nbd2 Nc6 7. e4 e5 8. exd5
Nxd5 9. Re1 Re8 10. c3 a5 11. h3 Nde7 12. Nc4 Nf5 13. Ng5 Ra6 14. a4 h6 15. Ne4
b6 16. Qb3 Ra7 17. Be3 Qd7 18. Rad1 Bb7 19. Qb5 Kh8 20. Qb3 Ba8 21. Bc1 Nd8 22.
Na3 Bd5 23. Qc2 Ra8 24. Nc4 Bc6 25. b3 Nb7 26. Ba3 Rad8 27. Qe2 Bd5 28. h4 h5
29. Bc1 Qc6 30. Bh3 Nbd6 31. Bg5 Ra8 32. Bg2 Rf8 33. Bh3 Rae8 34. Nf6 Nxc4 35.
Nxd5 Ncd6 36. Nf6 Qxc3 37. Nxe8 Nd4 38. Qe3 Rxe8 39. Rc1 Qb4 40. Bg2 c5 41. Bh6
N6f5 42. Bxg7+ Kxg7 43. Qe4 Nxb3 44. Rc4 Qd2 45. Rb1 Qa2 46. Qe1 Nd2 47. Ra1 Qb2
48. Rcc1 Nd4 49. Qd1 N2b3 50. Rab1 Qe2 51. Rc3 Nd2 52. Bf1 Nxb1 53. Bxe2 Nxc3
54. Qd2 Ncxe2+ 55. Kg2 Re6 56. Qb2 e4 57. dxe4 c4 0-1

[Event "Superbet Blitz 2023"]
[Site "Warsaw POL"]
[Date "2023.05.25"]
[Round "16.4"]
[White "Deac, Bogdan-Daniel"]
[Black "Duda, Jan-Krzysztof"]
[Result "0-1"]
[WhiteTitle "GM"]
[BlackTitle "GM"]
[WhiteElo "2700"]
[BlackElo "2724"]
[WhiteFideId "1226380"]
[BlackFideId "1170546"]
[EventDate "2023.05.24"]

1. e4 c6 2. Nf3 d5 3. d3 Qc7 4. exd5 cxd5 5. c4 Nf6 6. Nc3 e6 7. a3 dxc4 8. dxc4
a6 9. g3 Bd6 10. Bg2 b6 11. O-O Bb7 12. Qd3 Nc6 13. Be3 Rd8 14. Qe2 Na5 15. Nd2
Bxg2 16. Kxg2 O-O 17. Rac1 Bc5 18. Bg5 Nc6 19. Bxf6 gxf6 20. Nf3 f5 21. Rfd1 Qb7
22. Kg1 Nd4 23. Nxd4 Bxd4 24. Nd5 Bg7 25. Nf4 Qe4 26. Re1 Qxe2 27. Rxe2 Rd4 28.
c5 Rc8 29. b4 Bh6 30. Rc3 bxc5 31. bxc5 Bxf4 32. gxf4 Rxf4 33. Rd2 Rc6 34. Rd7
Kg7 35. h3 Kf6 36. Kg2 Re4 37. Rd2 Re5 38. Rdc2 Rd5 39. Rc4 h5 40. h4 e5 41. a4
a5 42. f3 f4 43. R4c3 Rd4 44. Rb2 Rxa4 45. Rb7 Rb4 46. Ra7 Rb5 47. Rd3 Rbxc5 48.
Rdd7 Ke6 49. Re7+ Kd5 50. Red7+ Rd6 51. Rxf7 Rg6+ 52. Kf2 Kc4 53. Rfd7 Kb4 54.
Rdb7+ Rb5 55. Rd7 Rc6 56. Rd2 Rc3 57. Rb2+ Rb3 58. Ra2 Ra3 59. Re2 Rc3 60. Rb2+
Rb3 61. Re2 Rb1 62. Rd7 a4 63. Re4+ Ka3 64. Rd3+ R5b3 65. Rd5 R3b2+ 66. Re2
Rxe2+ 67. Kxe2 Kb3 68. Rxe5 a3 69. Rb5+ Kc2 70. Rc5+ Kb2 71. Rb5+ Ka1 72. Rxh5
a2 73. Kd3 Kb2 74. Rb5+ Kc1 75. Ra5 a1=Q 76. Rxa1 Rxa1 77. Ke4 Ra4+ 78. Kf5 Kd2
79. h5 Ke3 0-1

[Event "Superbet Blitz 2023"]
[Site "Warsaw POL"]
[Date "2023.05.25"]
[Round "17.1"]
[White "Vachier-Lagrave, Maxime"]
[Black "Deac, Bogdan-Daniel"]
[Result "1/2-1/2"]
[WhiteTitle "GM"]
[BlackTitle "GM"]
[WhiteElo "2742"]
[BlackElo "2700"]
[WhiteFideId "623539"]
[BlackFideId "1226380"]
[EventDate "2023.05.24"]

1. e4 c6 2. d4 d5 3. e5 Bf5 4. h4 h5 5. Bd3 Bxd3 6. Qxd3 e6 7. Bg5 Be7 8. Nf3
Nh6 9. Nbd2 Nf5 10. Bxe7 Qxe7 11. c4 dxc4 12. Nxc4 Na6 13. Ne3 g6 14. a3 Rd8 15.
Rd1 Nc7 16. Nxf5 exf5 17. O-O Ne6 18. Qe3 Rd5 19. Rd2 O-O 20. Rfd1 Rfd8 21. g3
Qd7 22. Kh2 a5 23. Qb3 Qe7 24. Qe3 R8d7 25. Qc3 Qd8 26. b4 axb4 27. axb4 f4 28.
Kg2 Qb6 29. Ra1 Rd8 30. Ra5 fxg3 31. fxg3 Rb5 32. Rxb5 Qxb5 33. Qb3 Qd5 34. Qxd5
Rxd5 35. Kf2 Rb5 36. Rb2 Nc7 37. Ne1 f6 38. Nd3 Kf7 39. Kf3 Nd5 40. g4 hxg4+ 41.
Kxg4 Kg7 42. Kf3 Kf7 43. Kg4 Ne3+ 44. Kf4 Nd5+ 45. Kf3 Ke7 46. Rb1 Kf7 47. Rb2
fxe5 48. dxe5 Ke6 49. Re2 Kf7 50. Re4 Rb6 51. Kg4 Ra6 52. Nc5 Ra1 53. Nxb7 Rg1+
54. Kf3 Ke7 55. Na5 Rf1+ 56. Kg3 Rc1 57. e6 Rc3+ 58. Kf2 Nf6 59. Re2 Ng4+ 60.
Ke1 Ne3 61. Nxc6+ Rxc6 62. Rxe3 Rc4 63. Rb3 Rxh4 64. b5 Kxe6 65. b6 Rh8 66. Kf2
Kd6 67. b7 Rb8 68. Kg3 Kc6 69. Kg4 Rxb7 70. Rxb7 Kxb7 71. Kg5 Kc6 72. Kxg6 1/2-1/2

[Event "Superbet Blitz 2023"]
[Site "Warsaw POL"]
[Date "2023.05.25"]
[Round "17.2"]
[White "So, Wesley"]
[Black "Shevchenko, Kirill"]
[Result "1-0"]
[WhiteTitle "GM"]
[BlackTitle "GM"]
[WhiteElo "2760"]
[BlackElo "2684"]
[WhiteFideId "5202213"]
[BlackFideId "14129574"]
[EventDate "2023.05.24"]

1. e4 c5 2. Nf3 d6 3. d4 cxd4 4. Nxd4 Nf6 5. Nc3 g6 6. Be3 Bg7 7. f3 O-O 8. Qd2
Nc6 9. Bc4 Bd7 10. O-O-O Rc8 11. Bb3 Nxd4 12. Bxd4 b5 13. Bxa7 b4 14. Nd5 Nxd5
15. exd5 Qa5 16. Bd4 Bf5 17. Kb1 Bxd4 18. Qxd4 Rc7 19. Rhe1 Ra8 20. Rd2 Qb5 21.
g4 Bc8 22. Qd3 Qc5 23. Qd4 Qa5 24. h4 Ba6 25. h5 Bb5 26. hxg6 fxg6 27. Rh2 Ba4
28. Re6 Qc5 29. Rxg6+ Kf7 30. Rxh7+ Ke8 31. Bxa4+ Rxa4 32. Qh8+ Kd7 33. Rxe7+
Kxe7 34. Qh7+ 1-0

[Event "Superbet Blitz 2023"]
[Site "Warsaw POL"]
[Date "2023.05.25"]
[Round "17.3"]
[White "Duda, Jan-Krzysztof"]
[Black "Wojtaszek, Radoslaw"]
[Result "1-0"]
[WhiteTitle "GM"]
[BlackTitle "GM"]
[WhiteElo "2724"]
[BlackElo "2670"]
[WhiteFideId "1170546"]
[BlackFideId "1118358"]
[EventDate "2023.05.24"]

1. e4 c5 2. Nc3 d6 3. f3 Nf6 4. d4 cxd4 5. Qxd4 Nc6 6. Qf2 e6 7. Be3 d5 8. O-O-O
Bb4 9. Nge2 Qa5 10. exd5 Nxd5 11. Nxd5 exd5 12. Kb1 Be6 13. Nd4 O-O 14. Bd3 Be7
15. Rhe1 Bf6 16. g4 Nb4 17. a3 Nxd3 18. Rxd3 Rfe8 19. Nb3 Qb5 20. Bd4 Be7 21.
Rde3 Bf8 22. Qd2 b6 23. h4 Bd7 24. Be5 f6 25. Bc3 Rxe3 26. Rxe3 Re8 27. Rd3 a5
28. Rxd5 Qf1+ 29. Qd1 Qxd1+ 30. Rxd1 Bc6 31. Nd4 Bb7 32. h5 Bc5 33. Rf1 Re3 34.
h6 gxh6 35. Nf5 Rxf3 36. Nxh6+ Kf8 37. Rxf3 Bxf3 38. Bxf6 Be4 39. a4 Ke8 40. g5
Kd7 41. b3 Ke6 42. Kb2 Bf3 43. c3 Be3 44. b4 axb4 45. cxb4 Bd1 46. a5 bxa5 47.
bxa5 Be2 48. Kc3 Ba6 49. Ng4 Bc5 50. Ne5 h6 51. gxh6 Kxf6 52. Nd7+ Kg6 53. Nxc5
Bc8 54. Kd4 Kxh6 55. Ke5 Kg7 56. Kd6 Kf7 57. Kc7 Bh3 58. a6 1-0

[Event "Superbet Blitz 2023"]
[Site "Warsaw POL"]
[Date "2023.05.25"]
[Round "17.4"]
[White "Aronian, Levon"]
[Black "Carlsen, Magnus"]
[Result "1/2-1/2"]
[WhiteTitle "GM"]
[BlackTitle "GM"]
[WhiteElo "2745"]
[BlackElo "2853"]
[WhiteFideId "13300474"]
[BlackFideId "1503014"]
[EventDate "2023.05.24"]

1. e4 e5 2. Nf3 Nc6 3. Bc4 Bc5 4. O-O Nf6 5. Nc3 d6 6. Na4 Bb6 7. d3 Na5 8. Bb3
h6 9. Nxb6 axb6 10. Ba4+ Nc6 11. c3 Bg4 12. Bb3 Qd7 13. Re1 b5 14. d4 Bxf3 15.
gxf3 g5 16. Kh1 Ne7 17. dxe5 dxe5 18. Qxd7+ Nxd7 19. Be3 Ng6 20. Red1 Nf6 21. c4
bxc4 22. Bxc4 O-O 23. a4 Kg7 24. b4 Nh4 25. Be2 c6 26. Bb6 Rfe8 27. a5 Re7 28.
Ra3 Nd7 29. Be3 Nf8 30. Bc4 Ne6 31. Bxe6 fxe6 32. Rad3 Nxf3 33. Rd7 Kf6 34. Bc5
Rxd7 35. Rxd7 b5 36. h3 h5 37. Kg2 g4 38. hxg4 hxg4 39. Kg3 Ng5 40. Be7+ Kg6 41.
Bxg5 Kxg5 42. Rg7+ Kf6 43. Rc7 Rd8 44. a6 Kg5 45. Rxc6 Rd3+ 46. Kg2 Ra3 47. Rxe6
Kf4 48. Rb6 Ra2 49. Rxb5 Rxa6 50. Rb8 Ra2 51. b5 Rb2 52. b6 Rb3 53. b7 Kxe4 54.
Kf1 Rb2 55. Ke1 Rb1+ 56. Kd2 Rb3 57. Kc2 Rb6 58. Kc3 Rb1 59. Kc4 Rb2 60. Kc5 Rb1
61. Kc6 Rc1+ 62. Kd6 Rb1 63. Ke7 Kf3 64. Rf8+ Ke2 65. b8=Q Rxb8 66. Rxb8 Kxf2
67. Rf8+ Ke3 68. Ke6 g3 69. Kxe5 g2 70. Rg8 Kf2 71. Rxg2+ Kxg2 1/2-1/2

[Event "Superbet Blitz 2023"]
[Site "Warsaw POL"]
[Date "2023.05.25"]
[Round "17.5"]
[White "Giri, Anish"]
[Black "Rapport, Richard"]
[Result "1/2-1/2"]
[WhiteTitle "GM"]
[BlackTitle "GM"]
[WhiteElo "2768"]
[BlackElo "2745"]
[WhiteFideId "24116068"]
[BlackFideId "738590"]
[EventDate "2023.05.24"]

1. e4 e5 2. Nf3 d6 3. d4 exd4 4. Nxd4 Nf6 5. Nc3 Be7 6. Bf4 O-O 7. Qd2 Nc6 8.
O-O-O Nxd4 9. Qxd4 Be6 10. Be2 a6 11. Qe3 Re8 12. h4 b5 13. e5 Ng4 14. Qg3 Qc8
15. Bxg4 Bxg4 16. f3 Bf5 17. Nd5 Kh8 18. Nxe7 Rxe7 19. Rhe1 Qe6 20. b3 dxe5 21.
Rxe5 Qf6 22. Rde1 Rae8 23. Rxe7 Qa1+ 24. Kd2 Qd4+ 25. Kc1 Qa1+ 26. Kd2 Qd4+ 27.
Kc1 1/2-1/2

[Event "Superbet Blitz 2023"]
[Site "Warsaw POL"]
[Date "2023.05.25"]
[Round "18.1"]
[White "Shevchenko, Kirill"]
[Black "Giri, Anish"]
[Result "1/2-1/2"]
[WhiteTitle "GM"]
[BlackTitle "GM"]
[WhiteElo "2684"]
[BlackElo "2768"]
[WhiteFideId "14129574"]
[BlackFideId "24116068"]
[EventDate "2023.05.24"]

1. c4 Nf6 2. Nc3 e5 3. Nf3 Nc6 4. d3 Bb4 5. Bd2 O-O 6. e3 d5 7. cxd5 Nxd5 8. Be2
Nxc3 9. Bxc3 Bxc3+ 10. bxc3 Qd6 11. O-O b6 12. d4 Bf5 13. Qa4 exd4 14. cxd4 Nb4
15. Rac1 Bd7 16. Qb3 Be6 17. Bc4 Bxc4 18. Qxc4 Rac8 19. Rfd1 c5 20. Ne5 Nc6 21.
Nxc6 Qxc6 22. Qa6 Qc7 23. Rc4 Rfd8 24. Rdc1 Qe7 25. h3 Rc7 26. dxc5 bxc5 27. Qa5
Rdc8 28. Qc3 g6 29. a4 Qe6 30. Qa5 Qb6 31. Qd2 Qe6 32. h4 h5 33. Qc3 Qe7 34. g3
Rc6 35. Qc2 Qe5 36. Rd1 Rd6 37. Rb1 Rb6 38. Rb5 Rxb5 39. axb5 Qc7 40. Qa4 Qd7
41. Rc1 Qc7 42. Qc4 Qb7 43. Rd1 Qe7 44. Rd5 Qe6 45. e4 Qe7 46. Rg5 Kh7 47. Rd5
Kg8 48. Kh2 Qe6 49. f3 Qf6 50. f4 Qb2+ 51. Kh3 Qb1 52. Kg2 Qb2+ 53. Kf3 Qa1 54.
f5 Qh1+ 55. Kf4 Qh3 56. Kf3 Qh1+ 57. Kf4 Qh3 58. fxg6 Qg4+ 59. Ke3 Qxg3+ 60. Kd2
Qf2+ 61. Kd1 Qf3+ 62. Kc2 Kg7 63. gxf7 Kf8 64. Rf5 Qg2+ 65. Kb3 Qg3+ 66. Ka4 Qe1
67. Rf3 Qa1+ 68. Ra3 Qd1+ 69. Rb3 Qa1+ 70. Ra3 Qd1+ 71. Rb3 Qa1+ 72. Ra3 1/2-1/2

[Event "Superbet Blitz 2023"]
[Site "Warsaw POL"]
[Date "2023.05.25"]
[Round "18.2"]
[White "Rapport, Richard"]
[Black "Aronian, Levon"]
[Result "1/2-1/2"]
[WhiteTitle "GM"]
[BlackTitle "GM"]
[WhiteElo "2745"]
[BlackElo "2745"]
[WhiteFideId "738590"]
[BlackFideId "13300474"]
[EventDate "2023.05.24"]

1. d4 Nf6 2. Bg5 d5 3. e3 g6 4. Nd2 Bg7 5. c3 O-O 6. Ngf3 Nbd7 7. h3 Re8 8. Bf4
Ne4 9. Bh2 Nd6 10. Qb3 c6 11. Be2 e5 12. O-O Qe7 13. Qa3 a5 14. Rfe1 b5 15. dxe5
Nxe5 16. Nxe5 Bxe5 17. Bxe5 Qxe5 18. Qc5 Bd7 19. a4 b4 20. cxb4 axb4 21. a5 Reb8
22. a6 Nc8 23. Qd4 Qxd4 24. exd4 Nd6 25. Nb3 Ra7 26. Nc5 Bc8 27. Bd3 Kf8 28. Ra4
Bf5 29. Bf1 Bc2 30. b3 Nf5 31. Re2 Nxd4 32. Rd2 Nxb3 33. Rxc2 Nxc5 34. Rxc5 Rb6
35. Rc1 Ke7 36. Rb1 c5 37. Rd1 b3 38. Rxd5 b2 39. Bd3 b1=Q+ 40. Bxb1 Rxb1+ 41.
Kh2 Rb6 42. Rxc5 Rbxa6 43. Rxa6 Rxa6 44. Rc4 Ra7 45. Rc5 Ra6 46. Rc4 Ra7 47. Rc5 1/2-1/2

[Event "Superbet Blitz 2023"]
[Site "Warsaw POL"]
[Date "2023.05.25"]
[Round "18.3"]
[White "Carlsen, Magnus"]
[Black "Duda, Jan-Krzysztof"]
[Result "1/2-1/2"]
[WhiteTitle "GM"]
[BlackTitle "GM"]
[WhiteElo "2853"]
[BlackElo "2724"]
[WhiteFideId "1503014"]
[BlackFideId "1170546"]
[EventDate "2023.05.24"]

1. e4 c5 2. Nf3 b6 3. d4 cxd4 4. Nxd4 Bb7 5. Nc3 a6 6. Bg5 Qc7 7. Nd5 Qe5 8. Be3
e6 9. Nf3 Qxe4 10. Nc7+ Ke7 11. Nxa8 Bxa8 12. Qd4 b5 13. a4 Qxd4 14. Nxd4 b4 15.
a5 Nf6 16. Nb3 Nd5 17. Ba7 Nc6 18. Bb6 g5 19. Bxa6 Bg7 20. Ra2 Rb8 21. Be2 Nxb6
22. axb6 Nd4 23. Nxd4 Bxd4 24. Bf3 Bxf3 25. gxf3 b3 26. cxb3 Rxb6 27. h4 h6 28.
hxg5 hxg5 29. Ke2 Rxb3 30. Rd1 Bb6 31. Rd3 Rb5 32. b3 f5 33. Ra4 Bc5 34. b4 Bb6
35. Rb3 Kf6 36. Ra8 Bc5 37. Ra5 Rxb4 38. Rxb4 Bxb4 39. Ra7 d6 40. Rd7 Bc5 41.
Rh7 Ke5 42. Rg7 Kf4 43. Rg6 e5 44. Rg8 Bd4 45. Rd8 Bc5 46. Ra8 g4 47. Ra4+ Bd4
48. fxg4 Kxg4 49. f3+ Kf4 50. Ra8 e4 51. fxe4 fxe4 52. Rf8+ Ke5 53. Re8+ Kd5 54.
Kd2 Bc5 55. Ke2 Kd4 56. Ra8 d5 57. Ra4+ Ke5 58. Ra5 Bb6 59. Rb5 Bg1 60. Rb1 Bc5
61. Rh1 d4 62. Rh5+ Kd6 63. Rf5 Bb4 64. Rh5 Ke6 65. Rb5 Bd6 66. Rh5 Bf4 67. Rh3
Kd5 68. Rh5+ Ke6 69. Rh3 Kd6 70. Ra3 Kc5 71. Ra5+ Kb4 72. Rd5 Kc4 73. Rf5 d3+
74. Kd1 Bg3 75. Rg5 Bf2 76. Rg4 Kd5 77. Rg8 Kd4 78. Rd8+ Ke3 79. Re8 Bh4 80. Re6
Bd8 81. Re8 Ba5 82. Re7 Bb4 83. Re8 Kf3 84. Rd8 Kf4 85. Rd7 Ke3 86. Rd8 Bc3 87.
Rd7 Kf4 88. Rd8 Ke5 89. Rd7 Bb4 90. Rd8 Be7 91. Re8 Kd6 92. Kd2 Bg5+ 93. Kc3 Kd5
94. Ra8 Bf6+ 95. Kd2 Bg5+ 96. Kc3 Ke5 97. Rf8 Bf4 98. Rf7 Be3 99. Rf8 Bd4+ 100.
Kd2 Bc5 101. Rf7 Kd4 102. Rf4 Bb4+ 103. Kd1 Bc3 104. Rh4 Kd5 105. Rh5+ Ke6 106.
Rc5 Bd4 107. Ra5 Kd6 108. Ra8 Ke5 109. Re8+ Kf4 110. Rd8 Bc3 111. Rf8+ Ke3 112.
Re8 Ba5 113. Re6 Kd4 114. Rd6+ Kc4 115. Re6 Kd5 116. Re8 Kd4 117. Ra8 Bc7 118.
Rc8 Bf4 119. Rd8+ Kc3 120. Rc8+ Kb3 121. Rf8 Bh6 122. Rh8 Bg7 123. Re8 Kc3 124.
Rxe4 1/2-1/2

[Event "Superbet Blitz 2023"]
[Site "Warsaw POL"]
[Date "2023.05.25"]
[Round "18.4"]
[White "Wojtaszek, Radoslaw"]
[Black "Vachier-Lagrave, Maxime"]
[Result "0-1"]
[WhiteTitle "GM"]
[BlackTitle "GM"]
[WhiteElo "2670"]
[BlackElo "2742"]
[WhiteFideId "1118358"]
[BlackFideId "623539"]
[EventDate "2023.05.24"]

1. c4 e5 2. Nc3 Bb4 3. Qc2 Nf6 4. Nf3 Qe7 5. g3 O-O 6. Bg2 c6 7. a3 Bxc3 8. Qxc3
Re8 9. O-O a5 10. d3 a4 11. Bg5 d6 12. Nd2 Nbd7 13. Rae1 h6 14. Bxf6 Nxf6 15.
Qb4 Qc7 16. Rc1 Qa5 17. Nb1 Rd8 18. Nc3 Qa7 19. Ne4 Nxe4 20. Bxe4 Be6 21. Bg2
Rab8 22. Qc3 Rdc8 23. Rfd1 b5 24. c5 Bb3 25. Rd2 Qe7 26. cxd6 Qxd6 27. Qc5 Qe6
28. e3 Rd8 29. d4 e4 30. Rc3 Bd5 31. Qb4 g5 32. Rc5 h5 33. Rdc2 h4 34. Qd2 Kg7
35. Qe2 Rh8 36. h3 hxg3 37. fxg3 Rh6 38. Rc1 b4 39. Qg4 Qxg4 40. hxg4 bxa3 41.
bxa3 Rb3 42. R5c3 Rh8 43. Bf1 Rhb8 44. Bc4 Bxc4 45. Rxc4 Rxe3 46. Rxc6 Rxg3+ 47.
Kf2 Rxg4 0-1

[Event "Superbet Blitz 2023"]
[Site "Warsaw POL"]
[Date "2023.05.25"]
[Round "18.5"]
[White "Deac, Bogdan-Daniel"]
[Black "So, Wesley"]
[Result "1/2-1/2"]
[WhiteTitle "GM"]
[BlackTitle "GM"]
[WhiteElo "2700"]
[BlackElo "2760"]
[WhiteFideId "1226380"]
[BlackFideId "5202213"]
[EventDate "2023.05.24"]

1. d4 Nf6 2. c4 e6 3. Nf3 d5 4. Nc3 c5 5. cxd5 cxd4 6. Qxd4 exd5 7. e4 dxe4 8.
Qxd8+ Kxd8 9. Ng5 Be6 10. Nxe6+ fxe6 11. Bg5 Nc6 12. Bc4 Ke7 13. Nxe4 Kf7 14.
Bxf6 gxf6 15. O-O-O Rd8 16. Rxd8 Nxd8 17. Rd1 Be7 18. Rd7 f5 19. Nd6+ Kf6 20.
Nxb7 Nxb7 21. Rxb7 Bc5 22. Rc7 Bxf2 23. Rc6 Re8 24. b4 Bg1 25. h3 Rb8 26. Rxe6+
Kg5 27. b5 Rc8 28. Rc6 Rxc6 29. bxc6 Bb6 30. Kd2 Kf6 31. Bg8 h6 32. Bh7 f4 33.
Kd3 a5 34. Kc4 Bc7 35. h4 Ke5 36. Kb5 Bd8 37. h5 Bc7 38. Bd3 Bd8 39. Be2 Bc7 40.
Bf3 Bd8 41. Ka6 Bc7 42. a4 Kd6 43. Kb7 Bd8 44. Kc8 Bc7 45. Kb7 Bd8 46. Be4 Bc7
47. Kc8 Bb6 48. Bf3 Bc7 49. Bd5 Bb6 50. Be4 Bc7 51. Bf3 Bb6 52. Be4 Bc7 53. Kb7
Bd8 54. Bf3 Bc7 55. Be4 Bd8 56. Bf5 Bc7 57. Be4 Bd8 58. Bf3 Bc7 59. Be4 Bd8 60.
Bf3 Ke5 1/2-1/2